Mechanical metallurgy (Record no. 25704)

000 -LEADER
fixed length control field 00503nam a22001937a 4500
001 - CONTROL NUMBER
control field 25704
003 - CONTROL NUMBER IDENTIFIER
control field BD-DhUET
008 - FIXED-LENGTH DATA ELEMENTS--GENERAL INFORMATION
fixed length control field 150516b xxu||||| |||| 00| 0 eng d
040 ## - CATALOGING SOURCE
Transcribing agency 0
Modifying agency BD-DhUET
082 ## - DEWEY DECIMAL CLASSIFICATION NUMBER
Classification number 669.94
Item number DIE/1961
100 ## - MAIN ENTRY--PERSONAL NAME
Personal name Dieter, E. George
245 ## - TITLE STATEMENT
Title Mechanical metallurgy
250 ## - EDITION STATEMENT
Edition statement 1st ed.
260 ## - PUBLICATION, DISTRIBUTION, ETC. (IMPRINT)
Place of publication, distribution, etc. London
Name of publisher, distributor, etc. McGraw-Hill
Date of publication, distribution, etc. 1961
300 ## - PHYSICAL DESCRIPTION
Extent xix, 615p.
Other physical details ill
490 ## - SERIES STATEMENT
Series statement Metallurgy and metallurgical engineering series
650 #0 - SUBJECT ADDED ENTRY--TOPICAL TERM
Topical term or geographic name as entry element Strength of materials
942 ## - ADDED ENTRY ELEMENTS (KOHA)
Koha item type General Book
Holdings
Koha normalized classification for sorting Sublocation or collection (holding branch) Price effective from Piece designation (barcode) Location (home branch) Koha full call number Koha date last seen Koha issues (times borrowed) Withdrawn status Date acquired Source of classification or shelving scheme Damaged status Koha item type Copy number Koha out on loan Shelving location Lost status Koha date last borrowed Not for loan
669_940000000000000_DIE_1961Central Library, BUET2015-05-167380Central Library, BUET669.94/DIE/19612015-05-16  2015-05-16  General Book1 Circulation section   
669_940000000000000_DIE_1961Central Library, BUET2015-05-1620408Central Library, BUET669.94/DIE/19612015-05-16  2015-05-16  General Book2 Circulation section   
669_940000000000000_DIE_1961Central Library, BUET2015-05-1611400Central Library, BUET669.94/DIE/19612015-05-16  2015-05-16  General Book3 Circulation section   
669_940000000000000_DIE_1961Central Library, BUET2015-05-1631952Central Library, BUET669.94/DIE/19612015-05-16  2015-05-16  General Book4 Circulation section   
669_940000000000000_DIE_1961Central Library, BUET2015-05-1931933Central Library, BUET669.94/DIE/19612015-05-19  2015-05-19  General Book5 Circulation section   
669_940000000000000_DIE_1961Central Library, BUET2015-05-2054704Central Library, BUET669.94/DIE/19612024-05-262 2015-05-20  General Book6 Circulation section 2024-03-04 
669_940000000000000_DIE_1961Central Library, BUET2015-05-2124464Central Library, BUET669.94/DIE/19612015-05-21  2015-05-21  General Book7 Circulation section   
669_940000000000000_DIE_1961Central Library, BUET2015-05-2120407Central Library, BUET669.94/DIE/19612018-10-061 2015-05-21  General Book8 Circulation section 2018-08-08 
669_940000000000000_DIE_1961Central Library, BUET2015-05-2331936Central Library, BUET669.94/DIE/19612017-03-11  2015-05-23  General Book9 Circulation section   
669_940000000000000_DIE_1961Central Library, BUET2015-05-2331935Central Library, BUET669.94/DIE/19612025-04-301 2015-05-23  General Book102025-05-14Circulation section 2025-04-30 
669_940000000000000_DIE_1961Central Library, BUET2015-06-1724463Central Library, BUET669.94/DIE/19612015-06-17  2015-06-17  General Book11 Reading section   
669_940000000000000_DIE_1961Central Library, BUET2015-06-2736043Central Library, BUET669.94/DIE/19612015-06-27  2015-06-27  Reading Item12 Reading section